| 000 | 00607nam a22001457a 4500 | ||
|---|---|---|---|
| 020 | _a0-440-24153-7 | ||
| 082 |
_a823 _bGRI/K |
||
| 100 | _aGRISHAM, JOHN | ||
| 245 | _aTHE KING OF TORTS | ||
| 260 |
_aNEW YORK _bBANTAM DELL _c2004 |
||
| 300 | _a472 | ||
| 520 | _aA young public defender stumbles on a conspiracy too horrible to believe, and soon finds himself in the middle of a complex case against one of the world's largest pharmaceutical companies looking at an enormous settlement that would totally change his life - making him the newest king of torts. | ||
| 650 |
_aNOVEL _zUNITED STATES |
||
| 942 | _cBK | ||
| 999 |
_c3052 _d3052 |
||